000 00346nam a2200133Ia 4500
005 20260328101500.0
008 260328s9999||||xx |||||||||||||| ||und||
100 _aPolster, Bernd
245 0 _aBraun :
_b Fifty Years of Design and Innovation /
_cBernd Polster
260 _bMenges
300 _a504 p.
650 _aDISEÑO INDUSTRIAL
942 _cBK
999 _c8934
_d8934